000 00898cam a22001934a 4500
005 20250605164017.0
008 250528s ||||||||||||||||||||||||d
035 _a16200
020 _a435659308
040 _aGR-AtMCL
_bgre
_dGR-AtMCL
_eAACR2
245 1 _aOrganic Chemistry / A Conceptual Approach
260 _bHeinemann Educational Books,
_c1985
300 _a176
520 _aPreface, Basic Principles I: Covalent Bonds, Basic Principles II: Kinetics and Mechanisms, Frameworks and Functional Groups, Classification of Reagents and Reactions, Alkanes, Alkenes and Alkynes, Aromatic Hydrocarbons, The Halogen Function, Hydroxyl and Alkoxyl Functions, The Carbonyl Function, Carboxyl and Related Functions: Stereochemistry, Nitrogen-Containing Functions, Some Molecules of Importance in Nature, Index.
700 1 _aWilliams G. H
_92275
942 _cBK
999 _c1731
_d1731